Cada cosa al seu lloc : deixalleria – centre de recepció de residus [Objecte] deixalleria – centre de recepció de residus [Objecte]
Descripción Física:
1 imant : col. ; 5 x 9 cm
Materias:
Reciclatge (Residus, etc.)
MARC
| LEADER | 00000nam a2200000Ia 4500 | ||
|---|---|---|---|
| 001 | 24432 | ||
| 008 | 160829s9999 xx 000 0 cat d | ||
| 080 | |a NBM-10-3 | ||
| 245 | |a Cada cosa al seu lloc : |b deixalleria – centre de recepció de residus [Objecte] | ||
| 260 | |a [Barcelona] : |b Diputació de Barcelona. Àrea de Medi Ambient, [1998] | ||
| 300 | |a 1 imant : |b col. ; |c 5 x 9 cm | ||
| 650 | 0 | |a Reciclatge (Residus, etc.) |9 26176 | |
| 710 | |a Barcelona (Catalunya : Província). |b Àrea de Medi Ambient |9 52987 | ||
| 901 | |a Arxiu | ||
| 942 | |n 1 | ||
| 952 | |0 0 |1 0 |4 0 |6 NBM103 |7 1 |9 55378 |a Arxiu |b Arxiu |d 2016-12-01 |l 0 |o NBM-10-3 |p 24432 |r 2016-12-01 00:00:00 |w 2016-12-01 |y ARXIU | ||
| 999 | |c 59251 |d 59251 | ||